000 00345nam a2200145Ia 4500
008 230711s9999||||xx |||||||||||||| ||und||
041 _aENG
082 _a624
_bCA-P
100 _aCastellan,W.Gilbert
245 0 _aPhysical Chemistry
250 _a1st
260 _c1994
_aNew Delhi
_bOxford University Press
650 _aChemistry
942 _cBK
999 _c3108
_d3108